005940000a220008500045001000021000002450057000213000050000785200335001287730045004631 aBuiles, Mauricio10aLa nueva compañía de los prohombres de la patria aVol.0, núm.20 (Mayo, 2007), Páginas 13-14 aLas fotografías de la artista paisa han sacudido a todo los críticos que han pasado por el Encuentro Internacional de Arte de Medellín. Libia Posada ha hecho una inserción en una sala del siglo XIX en donde rostros femeninos amoratados están junto al establecimiento del arte decimonónico. ¿Quién es esta artista?0 tArcadia / Andrés Felipe Solano, Editor